| 000 | 00538nam a2200181Ia 4500 | ||
|---|---|---|---|
| 003 | OSt | ||
| 005 | 20200915130955.0 | ||
| 008 | 190216s9999||||xx |||||||||||||| ||und|| | ||
| 020 | _a9788185063263 | ||
| 040 | _coclc | ||
| 082 |
_a492.7 _bFAY/E |
||
| 100 |
_aFaynan, Rafi'el Imad _94600 |
||
| 245 | 4 |
_aThe Essential Arabic : _bA Learners Practical Guide / _cRafi'el Imad Faynan |
|
| 260 |
_bGood Word Books, _aNew Delhi: _c2004. |
||
| 300 | _a182p | ||
| 650 | _aArabic | ||
| 942 |
_cBK _2ddc _h492.7 _iFAY/E _k492.7 _mFAY/E |
||
| 999 |
_c654 _d654 |
||